[Event "Podgorica Zeta CC-ch 18th"]
[Site "Podgorica"]
[Date "2016.02.03"]
[Round "9"]
[White "Knezevic, Radomir"]
[Black "Lakusic, Zoran"]
[Result "0-1"]
[WhiteElo "1964"]
[BlackElo "1666"]
[PlyCount "102"]
[EventDate "2016.01.25"]
[EventType "tourn"]
[EventRounds "10"]
[EventCountry "MNE"]
[SourceTitle "EXT 2018"]
[Source "ChessBase"]
[SourceDate "2017.10.13"]
[SourceVersion "1"]
[SourceVersionDate "2017.10.13"]
[SourceQuality "1"]

1. d4 Nf6 2. e3 e6 3. Nf3 Bb4+ 4. c3 Ba5 5. b4 Bb6 6. c4 a6 7. Bd3 d5 8. c5 Ba7 9. a4 Nc6 10. b5 Nb4 11. Be2 Bd7 12. Qb3 a5 13. Ba3 0-0 14. Bxb4 axb4 15. Qxb4 Bb8 16. 0-0 c6 17. b6 Ng4 18. Nbd2 e5 19. dxe5 Nxe5 20. a5 Qf6 21. a6 h6 22. axb7 Nxf3+ 23. Bxf3 Rxa1 24. Bd1 Qe5 25. g3 Bh3 26. Re1 h5 27. Nb3 Rb1 28. f3 Qb2 29. Qd2 h4 30. g4 Be5 31. Qxb2 Rxb2 32. Re2 Rb1 33. Rd2 f5 34. Na5 Rf6 35. g5 Rg6 36. f4 Bb8 37. Kf2 Re6 38. Ba4 Rh1 39. Rd3 Rxh2+ 40. Ke1 Bxf4 41. Bxc6 Bg3+ 42. Kd1 Bg4+ 43. Kc1 Rh1+ 44. Kc2 Rh2+ 45. Rd2 Rxc6 46. Nxc6 Rxd2+ 47. Kxd2 h3 48. Ne7+ Kh7 49. Nxd5 Bf3 50. c6 Bxd5 51. b8Q Bxb8 0-1

[Event "Podgorica Zeta CC-ch 18th"]
[Site "Podgorica"]
[Date "2016.01.25"]
[Round "1"]
[White "Vujacic, Igor"]
[Black "Knezevic, Radomir"]
[Result "1-0"]
[WhiteElo "2151"]
[BlackElo "1964"]
[PlyCount "97"]
[EventDate "2016.01.25"]
[EventType "tourn"]
[EventRounds "10"]
[EventCountry "MNE"]
[SourceTitle "EXT 2018"]
[Source "ChessBase"]
[SourceDate "2017.10.13"]
[SourceVersion "1"]
[SourceVersionDate "2017.10.13"]
[SourceQuality "1"]

1. e4 c5 2. Nf3 Nc6 3. d4 cxd4 4. Nxd4 e6 5. Nc3 a6 6. Be2 Bc5 7. Nxc6 bxc6 8. e5 d5 9. exd6 Qxd6 10. Qxd6 Bxd6 11. Ne4 Bc7 12. Be3 Nf6 13. Nxf6+ gxf6 14. 0-0-0 a5 15. Bc5 Bb7 16. Rhe1 Rd8 17. Bh5 Bc8 18. Rxd8+ Bxd8 19. f4 f5 20. g3 h6 21. c4 Rh7 22. Rd1 Bc7 23. Kc2 Bd7 24. Kb3 Kd8 25. Bd4 Ke7 26. Bc5+ Kd8 27. Bd6 f6 28. c5 e5 29. Bxc7+ Kxc7 30. Rd6 exf4 31. gxf4 Re7 32. Rxf6 Re4 33. Rxh6 Rxf4 34. Bf7 Rb4+ 35. Kc3 Rb5 36. Bc4 Rxc5 37. Kd4 Kb6 38. Rd6 Be8 39. Rd8 Bh5 40. Rb8+ Kc7 41. Rh8 Rxc4+ 42. Kxc4 Bf7+ 43. Kc5 Bxa2 44. Rh7+ Kd8 45. h4 Bd5 46. h5 Ke8 47. h6 Kf8 48. Rg7 Bg8 49. Ra7 1-0

[Event "Podgorica Zeta CC-ch 17th"]
[Site "Podgorica"]
[Date "2014.12.14"]
[Round "8"]
[White "Maras, Aleksandar"]
[Black "Knezevic, Radomir"]
[Result "0-1"]
[WhiteElo "1641"]
[BlackElo "1979"]
[PlyCount "72"]
[EventDate "2014.11.22"]
[EventType "tourn"]
[EventRounds "9"]
[EventCountry "MNE"]
[SourceTitle "EXT 2018"]
[Source "ChessBase"]
[SourceDate "2017.10.13"]
[SourceVersion "1"]
[SourceVersionDate "2017.10.13"]
[SourceQuality "1"]

1. e4 e6 2. Bc4 d5 3. exd5 exd5 4. Qe2+ Be6 5. Bb3 Be7 6. Nf3 c5 7. c3 a6 8. a4 Qb6 9. Bc2 Nc6 10. 0-0 Bf6 11. h3 Nge7 12. Kh1 0-0 13. d3 Rfe8 14. Qd2 Ng6 15. Ng5 Bf5 16. g4 Bd7 17. f4 h6 18. Nf3 d4 19. Na3 Na5 20. cxd4 cxd4 21. Kh2 Nb3 22. Bxb3 Qxb3 23. Nc4 Nxf4 24. Qxf4 Qxd3 25. Nfe5 Rxe5 26. Nxe5 Bxe5 27. Qxe5 Qxf1 28. Qxd4 Bc6 29. Kg3 Qf3+ 30. Kh4 g5+ 31. Bxg5 hxg5+ 32. Kxg5 Qxh3 33. Ra3 Qh7 34. Re3 Qg7+ 35. Qxg7+ Kxg7 36. a5 Re8 0-1

[Event "Podgorica Zeta CC-ch 17th"]
[Site "Podgorica"]
[Date "2014.12.13"]
[Round "7"]
[White "Knezevic, Radomir"]
[Black "Vukotic, Luka"]
[Result "0-1"]
[WhiteElo "1979"]
[BlackElo "1658"]
[PlyCount "84"]
[EventDate "2014.11.22"]
[EventType "tourn"]
[EventRounds "9"]
[EventCountry "MNE"]
[SourceTitle "EXT 2018"]
[Source "ChessBase"]
[SourceDate "2017.10.13"]
[SourceVersion "1"]
[SourceVersionDate "2017.10.13"]
[SourceQuality "1"]

1. d4 d5 2. Nf3 Nf6 3. e3 Bg4 4. Nbd2 e6 5. Be2 Bd6 6. 0-0 Nc6 7. c4 0-0 8. c5 Be7 9. a3 a6 10. b4 Ne4 11. Qc2 f5 12. Rb1 Rb8 13. a4 Bf6 14. b5 axb5 15. axb5 Ne7 16. Ra1 c6 17. b6 g5 18. Nxe4 fxe4 19. Ne1 Bxe2 20. Qxe2 Nf5 21. Bb2 Qe8 22. f3 Qg6 23. fxe4 dxe4 24. g3 h5 25. Ng2 Rf7 26. Rf2 Rbf8 27. Raf1 Ne7 28. g4 h4 29. h3 Nd5 30. Ne1 Bg7 31. Nc2 Rf3 32. Rxf3 exf3 33. Qd2 Qe4 34. Qf2 e5 35. dxe5 Bxe5 36. Bxe5 Qxe5 37. Nd4 Nxe3 38. Nxf3 Qxc5 39. Re1 Rxf3 40. Qxf3 Nc2+ 41. Qf2 Qxf2+ 42. Kxf2 Nxe1 0-1

[Event "Podgorica Zeta CC-ch 16th"]
[Site "Podgorica"]
[Date "2013.12.20"]
[Round "6"]
[White "Maras, Aleksandar"]
[Black "Knezevic, Radomir"]
[Result "0-1"]
[WhiteElo "1650"]
[BlackElo "1971"]
[PlyCount "102"]
[EventDate "2013.12.14"]
[EventType "tourn"]
[EventRounds "7"]
[EventCountry "MNE"]
[SourceTitle "EXT 2018"]
[Source "ChessBase"]
[SourceDate "2017.10.13"]
[SourceVersion "1"]
[SourceVersionDate "2017.10.13"]
[SourceQuality "1"]

1. e4 e6 2. d4 d5 3. Nc3 dxe4 4. Nxe4 Nd7 5. Be3 Ngf6 6. Bd3 Be7 7. Nf3 0-0 8. 0-0 b6 9. c4 Bb7 10. Nc3 c5 11. Ne5 cxd4 12. Bxd4 Nc5 13. Bc2 Rc8 14. b3 a6 15. h3 Qc7 16. Qe2 Rfd8 17. Rad1 Rd6 18. f4 Rcd8 19. Bf2 Ncd7 20. Rxd6 Bxd6 21. Nxd7 Nxd7 22. Bh4 Re8 23. f5 Be5 24. Qd2 exf5 25. Bxf5 Nf8 26. Nd5 Qc5+ 27. Kh1 b5 28. Bd3 Bb8 29. Qg5 Bxd5 30. Qxd5 Qxd5 31. cxd5 f6 32. Rd1 Ng6 33. Bxg6 hxg6 34. Be1 Bd6 35. a4 Re3 36. axb5 axb5 37. b4 Kf7 38. Bf2 Rc3 39. Be1 Rc4 40. Kg1 Ke7 41. Kf2 Bxb4 42. Bxb4+ Rxb4 43. d6+ Kd7 44. Rd5 Rb1 45. Kg3 b4 46. h4 b3 47. Rd2 Rc1 48. Kf3 Rc6 49. Ke3 Rb6 50. Rb2 Kxd6 51. Kd3 Ke5 0-1

[Event "MNT-chT1"]
[Site "Cetinje"]
[Date "2013.08.30"]
[Round "1"]
[White "Blagojevic, Savo"]
[Black "Knezevic, Radomir"]
[Result "0-1"]
[WhiteElo "1928"]
[BlackElo "1972"]
[PlyCount "64"]
[EventDate "2013.08.30"]
[EventType "team-tourn"]
[EventRounds "9"]
[EventCountry "MNE"]
[SourceTitle "CBM 156 Extra"]
[Source "ChessBase"]
[SourceDate "2013.10.22"]
[SourceVersion "1"]
[SourceVersionDate "2013.10.22"]
[SourceQuality "1"]

1. d4 d5 2. Nc3 Nf6 3. Nf3 e6 4. e3 c5 5. Bb5+ Bd7 6. Bxd7+ Nbxd7 7. 0-0 Be7 8. Ne2 0-0 9. Ng3 Rc8 10. c3 Qc7 11. Bd2 b5 12. a3 e5 13. dxe5 Nxe5 14. Nxe5 Qxe5 15. Qf3 Ne4 16. Rfd1 f5 17. Be1 c4 18. Nxe4 fxe4 19. Qg4 Rf5 20. Rd2 Rd8 21. Rad1 h5 22. Qh3 Rg5 23. f4 exf3 24. Qxf3 Bc5 25. Bf2 Qe6 26. Re1 Rf8 27. Qd1 Qe4 28. Bg3 h4 29. Rd4 Bxd4 30. exd4 Qg6 31. Be5 Rxg2+ 32. Kh1 Rgf2 0-1

[Event "Podgorica Zeta CC-ch 12th"]
[Site "Podgorica"]
[Date "2010.01.26"]
[Round "7"]
[White "Knezevic, Radomir"]
[Black "Vujacic, Igor"]
[Result "1/2-1/2"]
[WhiteElo "1926"]
[BlackElo "2200"]
[PlyCount "106"]
[EventDate "2010.01.20"]
[EventType "tourn"]
[EventRounds "9"]
[EventCountry "MNE"]
[SourceTitle "EXT 2012"]
[Source "ChessBase"]
[SourceDate "2011.11.24"]
[SourceVersion "1"]
[SourceVersionDate "2011.11.24"]
[SourceQuality "1"]

1. d4 Nf6 2. Nf3 g6 3. e3 Bg7 4. b3 0-0 5. Be2 c5 6. Bb2 cxd4 7. exd4 Nc6 8. 0-0 d5 9. Nbd2 Bf5 10. a3 Rc8 11. c4 dxc4 12. Nxc4 Nd5 13. Re1 Nf4 14. Bf1 Bg4 15. Nce5 Nxe5 16. dxe5 Qb6 17. b4 Rfd8 18. Qb3 Be6 19. Qe3 Qxe3 20. Rxe3 Rc2 21. Bd4 b6 22. Rc3 Rxc3 23. Bxc3 Bd5 24. Rd1 Rc8 25. Ba1 Nh3+ 26. gxh3 Bxf3 27. Re1 Rc2 28. Bd4 Rd2 29. Bc3 Rc2 30. Bd4 Bh6 31. Bg2 Bxg2 32. Kxg2 Ra2 33. Ra1 Rxa1 34. Bxa1 b5 35. Bb2 Bf4 36. Kf3 Bxh2 37. Ke4 Bg1 38. Bd4 a6 39. Kd5 g5 40. Kc6 h5 41. Kb7 g4 42. hxg4 hxg4 43. Bc5 a5 44. Kc6 axb4 45. axb4 f5 46. exf6 exf6 47. Kxb5 f5 48. Kc6 f4 49. b5 g3 50. b6 gxf2 51. b7 f1Q 52. b8Q+ Kh7 53. Qa7+ Kg6 1/2-1/2

[Event "Podgorica Zeta CC-ch 10th"]
[Site "Podgorica"]
[Date "2009.05.02"]
[Round "3"]
[White "Karisik, Nenad"]
[Black "Knezevic, Radomir"]
[Result "1-0"]
[WhiteElo "2053"]
[BlackElo "1955"]
[PlyCount "69"]
[EventDate "2009.04.30"]
[EventType "swiss"]
[EventRounds "7"]
[EventCountry "MNE"]
[SourceTitle "EXT 2020"]
[Source "ChessBase"]
[SourceDate "2019.10.17"]
[SourceVersion "1"]
[SourceVersionDate "2019.10.17"]
[SourceQuality "1"]

1. e4 e6 2. d4 d5 3. Nc3 dxe4 4. Nxe4 Nd7 5. Nf3 Ngf6 6. Bg5 h6 7. Bxf6 Nxf6 8. Nxf6+ Qxf6 9. Bd3 Bd6 10. Qe2 c6 11. 0-0 0-0 12. Rad1 Re8 13. Ne5 Bxe5 14. dxe5 Qe7 15. Be4 Rb8 16. Rd6 c5 17. Rfd1 b5 18. Bc6 Rf8 19. Qe3 c4 20. g3 Qc7 21. Be4 a5 22. Qd4 g6 23. h4 h5 24. Rd8 Ba6 25. Rd7 Qb6 26. Qxb6 Rxb6 27. R1d6 Rxd6 28. exd6 Bc8 29. Rc7 Rd8 30. Bc6 c3 31. bxc3 b4 32. cxb4 axb4 33. d7 Ba6 34. Ra7 Bc4 35. Ra8 1-0